[Event "GLOCAL SQUARE 53rd National Challengers Chess Cham"]
[Site "Naivedhyam Celebration Centre, Nagpur"]
[Date "2015.08.23"]
[Round "9"]
[Board "13"]
[White "Karthik, V.   Ap"]
[Black "Shyam, Sundar M."]
[Result "1/2-1/2"]
[WhiteElo "2256"]
[BlackElo "2499"]
[PlyCount "186"]
[EventDate "2015.08.17"]
[EventRounds "13"]
[EventCountry "IND"]

1. d4 Nf6 2. c4 e6 3. Nc3 Bb4 4. Nf3 b6 5. Bg5 Bb7 6. Nd2 h6 7. Bh4 c5 8. a3
Bxc3 9. bxc3 d6 10. e3 Nbd7 11. Bd3 Qc7 12. O-O O-O 13. Bg3 Rfe8 14. Qc2 Rac8
15. f3 Nh5 16. Bf2 d5 17. Rac1 Nhf6 18. Rfe1 Ba6 19. Qb1 Qb7 20. Bg3 e5 21.
cxd5 Bxd3 22. Qxd3 cxd4 23. c4 Nc5 24. Qb1 Qa6 25. exd4 exd4 26. Be5 Qa5 27.
Qc2 Ncd7 28. Bxd4 Rxe1+ 29. Rxe1 Nxd5 30. Qb2 Nf4 31. Qc3 Qxc3 32. Bxc3 Ne6 33.
Re3 Ndc5 34. g3 Na4 35. Kf2 b5 36. Ba5 bxc4 37. Ne4 Rb8 38. Nd6 Rb2+ 39. Ke1
Nd4 40. Re8+ Kh7 41. Nxc4 Nxf3+ 42. Kd1 Rxh2 43. Re7 Rh1+ 44. Ke2 Nd4+ 45. Kf2
Rh2+ 46. Kg1 Rc2 47. Nd6 Nc6 48. Rc7 Rc1+ 49. Kg2 Rc5 50. Be1 Nb2 51. Bf2 Rc2
52. Kg1 a5 53. Nxf7 Nd3 54. Bb6 a4 55. Nd6 Nd4 56. Rxc2 Nxc2 57. Nc4 Kg6 58.
Bc7 Kf5 59. Bd6 g5 60. Bf8 h5 61. Nb6 Nb2 62. Bg7 Nd1 63. Nxa4 Nxa3 64. Nc5 Ne3
65. Bd4 Nd5 66. Bf2 Nb5 67. Kg2 Nd6 68. Kf3 Ne4 69. Nb3 Nxf2 70. Kxf2 Kg4 71.
Nd4 Kh3 72. Nf3 g4 73. Ng5+ Kh2 74. Ne4 Kh1 75. Kf1 Ne3+ 76. Kf2 Nf5 77. Kf1
Kh2 78. Kf2 Ng7 79. Nf6 Kh3 80. Ne4 Ne6 81. Nf6 h4 82. Ne4 Kh2 83. gxh4 Nc5 84.
Nd2 g3+ 85. Ke3 g2 86. Nf3+ Kh1 87. h5 Ne6 88. h6 Ng5 89. Kf4 Nxf3 90. h7 g1=Q
91. h8=Q+ Nh2 92. Qa8+ Qg2 93. Qxg2+ Kxg2 1/2-1/2

[Event "GLOCAL SQUARE 53rd National Challengers Chess Cham"]
[Site "Naivedhyam Celebration Centre, Nagpur"]
[Date "2015.08.23"]
[Round "9"]
[Board "14"]
[White "Sahoo, Utkal Ranjan"]
[Black "Das, Sayantan"]
[Result "0-1"]
[WhiteElo "2215"]
[BlackElo "2444"]
[PlyCount "112"]
[EventDate "2015.08.17"]
[EventRounds "13"]
[EventCountry "IND"]

1. d4 d5 2. c4 c6 3. cxd5 cxd5 4. Nc3 Nf6 5. e3 Nc6 6. Nf3 Bf5 7. Bd3 Bxd3 8.
Qxd3 e6 9. O-O Be7 10. b3 O-O 11. Bb2 Rc8 12. a3 Na5 13. Nd2 a6 14. f3 Nd7 15.
Rfc1 Bd6 16. Ne2 Qh4 17. Nf1 Qe7 18. Rxc8 Rxc8 19. a4 Nc6 20. Rc1 Qd8 21. Bc3
Qb6 22. Be1 Re8 23. Kh1 Nb4 24. Bxb4 Qxb4 25. Qc3 Qb6 26. Rd1 Nb8 27. Nc1 Nc6
28. Nd3 Rc8 29. Nd2 h6 30. f4 Rc7 31. Qb2 Nb4 32. Nxb4 Bxb4 33. Nf3 Qc6 34. Ne5
Qc2 35. Qxc2 Rxc2 36. Kg1 Rc3 37. Rd3 Rc1+ 38. Kf2 Rc2+ 39. Kf3 f6 40. Ng4 h5
41. Nf2 Be1 42. Nh1 Kf7 43. Rd1 Ba5 44. Ng3 g6 45. Rb1 Bd2 46. b4 Ke7 47. Ne2
Kd7 48. e4 Ra2 49. exd5 exd5 50. a5 Ra3+ 51. Kf2 Be3+ 52. Ke1 Kc6 53. Kd1 Kb5
54. Kc2 Kc4 55. Rb2 Ra1 56. f5 Re1 0-1

[Event "GLOCAL SQUARE 53rd National Challengers Chess Cham"]
[Site "Naivedhyam Celebration Centre, Nagpur"]
[Date "2015.08.23"]
[Round "9"]
[Board "15"]
[White "Sangma, Rahul"]
[Black "Ramnath, Bhuvanesh.R"]
[Result "1-0"]
[WhiteElo "2285"]
[BlackElo "2431"]
[PlyCount "33"]
[EventDate "2015.08.17"]
[EventRounds "13"]
[EventCountry "IND"]

1. e4 e5 2. Nf3 Nc6 3. Bc4 Bc5 4. c3 Nf6 5. d4 exd4 6. e5 d5 7. Bb5 Ne4 8. cxd4
Bb6 9. Nc3 O-O 10. h3 f6 11. Qb3 Nxc3 12. Bxc6 bxc6 13. Qxc3 fxe5 14. Nxe5 Rxf2
15. Kxf2 Qh4+ 16. Ke2 Bxd4 17. Qxc6 1-0

[Event "GLOCAL SQUARE 53rd National Challengers Chess Cham"]
[Site "Naivedhyam Celebration Centre, Nagpur"]
[Date "2015.08.23"]
[Round "9"]
[Board "16"]
[White "Palit, Somak"]
[Black "Praveen, Kumar C"]
[Result "1-0"]
[WhiteElo "2345"]
[BlackElo "2239"]
[PlyCount "45"]
[EventDate "2015.08.17"]
[EventRounds "13"]
[EventCountry "IND"]

1. e4 g6 2. Nc3 Bg7 3. h4 h5 4. d4 Nc6 5. Be3 d6 6. Nh3 Bxh3 7. Rxh3 a6 8. Bc4
e5 9. Rf3 Nf6 10. Bg5 Nxd4 11. Nd5 Nxf3+ 12. Qxf3 O-O 13. Nxf6+ Bxf6 14. Bxf6
Qd7 15. O-O-O Rae8 16. Qe3 Kh7 17. f3 b5 18. Bb3 Qc8 19. g4 hxg4 20. Qg5 gxf3
21. h5 Qh3 22. Bxf7 Qxh5 23. Bxg6+ 1-0

[Event "GLOCAL SQUARE 53rd National Challengers Chess Cham"]
[Site "Naivedhyam Celebration Centre, Nagpur"]
[Date "2015.08.23"]
[Round "9"]
[Board "17"]
[White "Vignesh, B"]
[Black "Konguvel, Ponnuswamy"]
[Result "0-1"]
[WhiteElo "2234"]
[BlackElo "2340"]
[PlyCount "156"]
[EventDate "2015.08.17"]
[EventRounds "13"]
[EventCountry "IND"]

1. e4 c5 2. Nf3 g6 3. c3 d5 4. e5 Nc6 5. d4 Bg4 6. Nbd2 cxd4 7. cxd4 Qa5 8. Qb3
Qb4 9. Bb5 e6 10. a3 Qxb3 11. Nxb3 Bxf3 12. gxf3 Nge7 13. Bg5 a6 14. Bxe7 axb5
15. Bxf8 Rxf8 16. Rc1 f6 17. exf6 Rxf6 18. O-O Rxf3 19. Nc5 Nxd4 20. Nxb7 Kd7
21. Nc5+ Kd6 22. Nb7+ Kd7 23. Nc5+ Ke7 24. Kg2 Raf8 25. Nb7 Kd7 26. Nc5+ Kd6
27. Nb7+ Kd7 28. Nc5+ Ke7 29. Nb7 R8f5 30. Rc7+ Kf6 31. Rxh7 Rg5+ 32. Kh1 Rh5
33. Rxh5 gxh5 34. Nc5 h4 35. Rd1 e5 36. Kg2 h3+ 37. Kf1 Ke7 38. Nd3 Kd6 39. Nb4
Ke6 40. Rd2 Rb3 41. Nd3 Kd6 42. Nb4 Rf3 43. Rd3 Rxd3 44. Nxd3 Nf3 45. Ne1 Nxh2+
46. Kg1 Ng4 47. f3 Ne3 48. Kh2 Nc4 49. Nd3 e4 50. fxe4 dxe4 51. Nb4 Nxb2 52.
Kxh3 Ke5 53. Nc2 Kf4 54. Kg2 e3 55. Kf1 Ke4 56. Ke1 Na4 57. Ke2 Nc3+ 58. Ke1
Nd5 59. Kd1 Nf4 60. Kc1 Nd3+ 61. Kd1 Nf4 62. Kc1 Nd3+ 63. Kd1 Kf3 64. Nd4+ Kf2
65. Kc2 e2 66. Nxe2 Kxe2 67. Kb3 Kd2 68. a4 Nc5+ 69. Kb4 bxa4 70. Ka3 Kc3 71.
Ka2 Kb4 72. Kb2 Ne4 73. Ka2 a3 74. Kb1 Kb3 75. Ka1 Nc5 76. Kb1 Nd3 77. Ka1 Nb4
78. Kb1 a2+ 0-1

[Event "GLOCAL SQUARE 53rd National Challengers Chess Cham"]
[Site "Naivedhyam Celebration Centre, Nagpur"]
[Date "2015.08.23"]
[Round "9"]
[Board "18"]
[White "Girinath, P.D.S."]
[Black "Harshal, Shahi"]
[Result "1/2-1/2"]
[WhiteElo "2338"]
[BlackElo "2226"]
[PlyCount "76"]
[EventDate "2015.08.17"]
[EventRounds "13"]
[EventCountry "IND"]

1. e4 c5 2. Nf3 e6 3. b3 b6 4. Bd3 Bb7 5. O-O Nc6 6. Re1 Nf6 7. c3 d5 8. e5 Nd7
9. Bf1 Qc7 10. d4 Rc8 11. Bb2 Be7 12. Nbd2 a6 13. Rc1 Qb8 14. a3 b5 15. b4 c4
16. h4 a5 17. g3 h6 18. Bh3 a4 19. Nf1 Kd8 20. Ne3 Kc7 21. Nh2 Rcf8 22. f4 g5
23. fxg5 hxg5 24. h5 Nd8 25. Rc2 Kb6 26. Nef1 Bc8 27. Bc1 Rfg8 28. Bg4 f5 29.
exf6 Nxf6 30. Be3 Bd6 31. Bf2 Ka6 32. Rce2 Ne4 33. Rxe4 dxe4 34. d5 exd5 35.
Bxc8+ Qxc8 36. Qxd5 Qc6 37. Qd4 Bb8 38. Rxe4 Rh7 1/2-1/2

[Event "GLOCAL SQUARE 53rd National Challengers Chess Cham"]
[Site "Naivedhyam Celebration Centre, Nagpur"]
[Date "2015.08.23"]
[Round "9"]
[Board "19"]
[White "Gajwa, Ankit"]
[Black "Thakur, Akash"]
[Result "1/2-1/2"]
[WhiteElo "2143"]
[BlackElo "2332"]
[PlyCount "69"]
[EventDate "2015.08.17"]
[EventRounds "13"]
[EventCountry "IND"]

1. e4 e5 2. Nf3 Nc6 3. Bb5 a6 4. Ba4 Nf6 5. O-O Be7 6. Bxc6 dxc6 7. Qe2 c5 8.
d3 Nd7 9. Nc3 O-O 10. Be3 Re8 11. a4 Bd6 12. Nd2 Nf8 13. Nc4 Ne6 14. Qd2 Nd4
15. Ne2 Be6 16. Ng3 Bxc4 17. dxc4 Qd7 18. Bxd4 cxd4 19. b3 g6 20. Qg5 Qe7 21.
Qxe7 Rxe7 22. Rad1 c5 23. Rfe1 Bc7 24. f3 Ba5 25. Re2 Kg7 26. Nh1 Kf6 27. Nf2
Ke6 28. Nd3 Kd6 29. Rf1 Rae8 30. f4 exf4 31. e5+ Kc6 32. Rxf4 f5 33. g4 fxg4
34. Rf6+ Re6 35. Rf4 1/2-1/2

[Event "GLOCAL SQUARE 53rd National Challengers Chess Cham"]
[Site "Naivedhyam Celebration Centre, Nagpur"]
[Date "2015.08.23"]
[Round "9"]
[Board "20"]
[White "Rajesh, V A V"]
[Black "Chakravarthi Reddy, M"]
[Result "1-0"]
[WhiteElo "2330"]
[BlackElo "2209"]
[PlyCount "71"]
[EventDate "2015.08.17"]
[EventRounds "13"]
[EventCountry "IND"]

1. d4 c5 2. d5 e5 3. c4 d6 4. Nc3 Nf6 5. e4 Be7 6. Bd3 O-O 7. Nge2 Nbd7 8. Ng3
Ne8 9. h4 g6 10. h5 Ng7 11. Be2 a6 12. a4 Rb8 13. Bh6 Nf6 14. Be3 Bd7 15. f4
exf4 16. Bxf4 Bc8 17. O-O Nd7 18. Bg4 Ne5 19. Bxc8 Rxc8 20. Bxe5 dxe5 21. Qg4
Bh4 22. hxg6 hxg6 23. Nge2 f5 24. exf5 gxf5 25. Qh3 Rc7 26. g3 Bg5 27. Kf2 Ne8
28. Rh1 Nf6 29. Kg2 Nh7 30. Raf1 Rcf7 31. Rxf5 Be3 32. Qg4+ Rg7 33. Rxf8+ Nxf8
34. Qh5 Ng6 35. Qh3 Qf6 36. Ne4 1-0

[Event "GLOCAL SQUARE 53rd National Challengers Chess Cham"]
[Site "Naivedhyam Celebration Centre, Nagpur"]
[Date "2015.08.24"]
[Round "10"]
[Board "1"]
[White "Karthikeyan, Murali"]
[Black "Swapnil, S. Dhopade"]
[Result "0-1"]
[WhiteElo "2510"]
[BlackElo "2458"]
[PlyCount "120"]
[EventDate "2015.08.17"]
[EventRounds "13"]
[EventCountry "IND"]

1. e4 c6 2. Nc3 d5 3. Nf3 Nf6 4. e5 Ne4 5. Nb1 Qb6 6. Qe2 Bg4 7. d3 Ng5 8. Nbd2
Nd7 9. h3 Bxf3 10. Nxf3 Nxf3+ 11. gxf3 e6 12. f4 g6 13. Bg2 Qd8 14. Be3 Nb6 15.
c4 Bb4+ 16. Kf1 Nc8 17. a3 Bf8 18. cxd5 cxd5 19. h4 h5 20. f5 gxf5 21. Bf3 Bh6
22. d4 Bxe3 23. fxe3 Ne7 24. Bxh5 f4 25. Bg4 Nc6 26. h5 Qg5 27. Rd1 fxe3 28.
Qf3 f5 29. exf6 Rf8 30. Kg2 Rxf6 31. Qg3 Rf2+ 32. Kh3 Ne7 33. Qh4 Qxh4+ 34.
Kxh4 Kd7 35. Rde1 Rg8 36. Kh3 Rf4 37. Rhg1 Rxd4 38. Rxe3 Nf5 39. Bxf5 Rxg1 40.
Rxe6 Rh1+ 41. Kg3 Rxh5 42. Re4+ Rxf5 43. Rxd4 Kd6 44. Rh4 Rf7 45. Rh8 Kc5 46.
Rd8 Kd4 47. a4 Ke4 48. b4 d4 49. a5 a6 50. Re8+ Kd3 51. Rc8 Ke3 52. Re8+ Kd2
53. Re5 d3 54. b5 axb5 55. Rxb5 Kd1 56. Kg2 d2 57. Rc5 Ke2 58. Re5+ Kd3 59.
Rd5+ Kc3 60. Rd8 Rf4 0-1

[Event "GLOCAL SQUARE 53rd National Challengers Chess Cham"]
[Site "Naivedhyam Celebration Centre, Nagpur"]
[Date "2015.08.24"]
[Round "10"]
[Board "2"]
[White "Neelotpal, Das"]
[Black "Lalith, Babu M.R."]
[Result "1/2-1/2"]
[WhiteElo "2448"]
[BlackElo "2570"]
[PlyCount "61"]
[EventDate "2015.08.17"]
[EventRounds "13"]
[EventCountry "IND"]

1. e4 c6 2. d4 d5 3. Nd2 dxe4 4. Nxe4 Bf5 5. Ng3 Bg6 6. h4 h6 7. Nf3 Nd7 8. h5
Bh7 9. Bd3 Bxd3 10. Qxd3 e6 11. Bd2 Ngf6 12. O-O-O Bd6 13. Ne4 Nxe4 14. Qxe4
Nf6 15. Qe2 Bc7 16. c4 b5 17. Kb1 bxc4 18. Qxc4 O-O 19. Qxc6 Rb8 20. Rc1 Ba5
21. Bf4 Rb6 22. Qc4 Nd5 23. Bg3 Bb4 24. Ka1 Bd6 25. Bxd6 Qxd6 26. Ne5 Rb4 27.
Qc6 Qe7 28. Qc5 Qb7 29. Rc2 Rb5 30. Qd6 Rb6 31. Qd7 1/2-1/2

[Event "GLOCAL SQUARE 53rd National Challengers Chess Cham"]
[Site "Naivedhyam Celebration Centre, Nagpur"]
[Date "2015.08.24"]
[Round "10"]
[Board "3"]
[White "Laxman, R.R."]
[Black "Kunte, Abhijit"]
[Result "1/2-1/2"]
[WhiteElo "2425"]
[BlackElo "2493"]
[PlyCount "50"]
[EventDate "2015.08.17"]
[EventRounds "13"]
[EventCountry "IND"]

1. d4 Nf6 2. Nf3 e6 3. c4 d5 4. g3 Bb4+ 5. Bd2 Be7 6. Bg2 O-O 7. O-O c6 8. Qc2
Nbd7 9. Rd1 b6 10. Bf4 Bb7 11. Nc3 dxc4 12. Nd2 Nd5 13. Nxc4 Nxf4 14. gxf4 Qc7
15. e3 Rad8 16. Rac1 c5 17. d5 exd5 18. Nxd5 Bxd5 19. Rxd5 b5 20. Ne5 Nxe5 21.
Rxe5 Bd6 22. Rd5 Be7 23. Re5 Bd6 24. Rd5 Be7 25. Re5 Bd6 1/2-1/2

[Event "GLOCAL SQUARE 53rd National Challengers Chess Cham"]
[Site "Naivedhyam Celebration Centre, Nagpur"]
[Date "2015.08.24"]
[Round "10"]
[Board "4"]
[White "Nitin, S."]
[Black "Venkatesh, M.R."]
[Result "1/2-1/2"]
[WhiteElo "2404"]
[BlackElo "2484"]
[PlyCount "28"]
[EventDate "2015.08.17"]
[EventRounds "13"]
[EventCountry "IND"]

1. Nf3 Nf6 2. g3 g6 3. Bg2 Bg7 4. O-O O-O 5. d4 d6 6. Nc3 d5 7. Re1 Bf5 8. Nh4
Be6 9. Nf3 Bf5 10. Nh4 Be6 11. Nf3 Bf5 12. Nh4 Be6 13. Nf3 Bf5 14. Nh4 Be6
 1/2-1/2

[Event "GLOCAL SQUARE 53rd National Challengers Chess Cham"]
[Site "Naivedhyam Celebration Centre, Nagpur"]
[Date "2015.08.24"]
[Round "10"]
[Board "5"]
[White "Sengupta, Deep"]
[Black "K., Praneeth Surya"]
[Result "1/2-1/2"]
[WhiteElo "2594"]
[BlackElo "2347"]
[PlyCount "180"]
[EventDate "2015.08.17"]
[EventRounds "13"]
[EventCountry "IND"]

1. e4 c5 2. Nf3 d6 3. c3 Nf6 4. h3 Bd7 5. Bd3 g6 6. Bc2 Bg7 7. O-O O-O 8. Re1 Nc6 9. d4 cxd4 10. cxd4 e5 11. d5 Nb4 12. Bb3 a5 13. Nc3 Nh5 14. a3 Na6 15. Bc2 Re8 16. Rb1 Nf4 17. Be3 b5 18. Ne2 Nxe2 19. Qxe2 Qb8 20. b4 axb4 21. axb4 Qb7 22. Nh2 f5 23. Nf3 fxe4 24. Ng5 Bf6 25. Nxe4 Be7 26. f4 exf4 27. Bxf4 Bf5 28. Qf2 Bxe4 29. Bxe4 Bf8 30. h4 Qd7 31. Qg3 Kh8 32. Kh1 Rac8 33. Bf3 Rxe1 34. Rxe1 Re8 35. Bd2 Rxe1 36. Qxe1 Qe7 37. Qf2 Bg7 38. g3 Be5 39. Kg2 Qc7 40. Be2 Kg7 41. Bxb5 Nxb4 42. Bxb4 Qb7 43. Qe2 Qxd5 44. Kh2 Bxg3 45. Kxg3 Qb3 46. Bd3 Qxb4 47. Qe7 Kg8 48. Qd8 Kg7 49. Qd7 Kg8 50. Qc8 Kg7 51. Qc7 Kf6 52. Kf3 Qc5 53. Qd8 Kg7 54. Qe7 Kg8 55. Qe6 Kg7 56. Qd7 Kg8 57. Qa4 Kg7 58. Ke2 Qe5 59. Kd2 Qh2 60. Kc1 Qg1 61. Kb2 Qf2 62. Bc2 Qf6 63. Kb1 Qf1 64. Ka2 Qf7 65. Ka3 Qf6 66. Qa7 Kh6 67. Qe3 Kg7 68. Qh3 Qa1 69. Kb3 Qf6 70. Bd3 Qe7 71. Qg4 Qb7 72. Kc2 Qc7 73. Kd1 Qe7 74. Kd2 Qf6 75. Kc2 Qf2 76. Kd1 Qf6 77. Qe4 Qa1 78. Bb1 Qf6 79. Bc2 Qa1 80. Kd2 Qa5 81. Kc1 Qa1 82. Bb1 Qc3 83. Kd1 Qf6 84. Qb4 Qf1 85. Kc2 Qf2 86. Kb3 Qe3 87. Ka2 Qf2 88. Kb3 Qe3 89. Kb2 Qe5 90. Ka2 Qd5 1/2-1/2

[Event "GLOCAL SQUARE 53rd National Challengers Chess Cham"]
[Site "Naivedhyam Celebration Centre, Nagpur"]
[Date "2015.08.24"]
[Round "10"]
[Board "6"]
[White "Das, Sayantan"]
[Black "Palit, Somak"]
[Result "0-1"]
[WhiteElo "2444"]
[BlackElo "2345"]
[PlyCount "130"]
[EventDate "2015.08.17"]
[EventRounds "13"]
[EventCountry "IND"]

1. e4 e6 2. d4 d5 3. Nc3 Bb4 4. e5 c5 5. a3 Bxc3+ 6. bxc3 Ne7 7. h4 Qc7 8. Nf3
h6 9. h5 b6 10. Bb5+ Bd7 11. Bd3 Ba4 12. Bd2 a6 13. Qb1 Qc6 14. Rh4 Bb5 15. c4
Bxc4 16. Bxc4 dxc4 17. dxc5 bxc5 18. Rxc4 Nd7 19. Rg4 Rb8 20. Qc1 Nf5 21. Kf1
Qb5+ 22. Kg1 Qe2 23. Qf1 Qb5 24. Qc1 Qe2 25. Qd1 Qb5 26. a4 Qb2 27. Rc4 O-O 28.
Bc3 Qb7 29. a5 Rfd8 30. Qc1 Qd5 31. Rg4 Rb7 32. Qf1 Nb8 33. Kh2 Kf8 34. Rf4 Qc6
35. Qc4 Qb5 36. Qe4 Qc6 37. Qc4 Qb5 38. Qe4 Qc6 39. Nd2 Rbd7 40. Rb1 Qc7 41.
Nc4 Nc6 42. Rb6 Nb4 43. Nd6 Nd5 44. Rxf5 Nxc3 45. Rxf7+ Rxf7 46. Qh7 Ke7 47.
Qg6 Kf8 48. Qh7 Ke7 49. Rb7 Qxb7 50. Nxb7 Rd4 51. Nxc5 Ne2 52. Ne4 g5 53. hxg6
Rxh7 54. gxh7 Rd8 55. Nf6 Kf7 56. c4 Kg7 57. c5 Nd4 58. f4 Nc6 59. g4 Nxa5 60.
f5 exf5 61. gxf5 Nc6 62. Nh5+ Kxh7 63. e6 Rf8 64. f6 Kg6 65. e7 Rb8 0-1

[Event "GLOCAL SQUARE 53rd National Challengers Chess Cham"]
[Site "Naivedhyam Celebration Centre, Nagpur"]
[Date "2015.08.24"]
[Round "10"]
[Board "7"]
[White "Karthikeyan, P."]
[Black "Mehar, Chinna Reddy C.H."]
[Result "1-0"]
[WhiteElo "2426"]
[BlackElo "2327"]
[PlyCount "95"]
[EventDate "2015.08.17"]
[EventRounds "13"]
[EventCountry "IND"]

1. e4 c5 2. Nf3 d6 3. c3 Nf6 4. Be2 Bd7 5. d3 Bc6 6. O-O Nbd7 7. Nbd2 e6 8. Re1
Be7 9. Bf1 Ne5 10. Ng5 h6 11. Nh3 O-O 12. f4 Ng6 13. g4 Nh7 14. d4 cxd4 15.
cxd4 Bh4 16. Re2 Be7 17. a4 Qb6 18. Nc4 Qd8 19. f5 Nh4 20. d5 b5 21. Ne3 Bd7
22. dxe6 fxe6 23. fxe6 Bxe6 24. Nf5 Bf6 25. Nf4 Bc4 26. Rf2 Bf7 27. axb5 Re8
28. Ra6 Rxe4 29. Rxd6 Nxf5 30. Rxd8+ Rxd8 31. Qc2 Nd6 32. Bd3 Re1+ 33. Rf1
Rxf1+ 34. Kxf1 Ng5 35. Be3 Rc8 36. Qa4 Nc4 37. Qxa7 Nxe3+ 38. Qxe3 Bxb2 39. b6
Re8 40. Qf2 Be5 41. h4 Ne6 42. Nxe6 Bxe6 43. Qe2 Bd4 44. Bc4 Bxb6 45. Bxe6+ Kh8
46. Kg2 Bd8 47. Kh3 Bc7 48. Qe4 1-0

[Event "GLOCAL SQUARE 53rd National Challengers Chess Cham"]
[Site "Naivedhyam Celebration Centre, Nagpur"]
[Date "2015.08.24"]
[Round "10"]
[Board "8"]
[White "Shyaamnikhil, P"]
[Black "Rajesh, V A V"]
[Result "1-0"]
[WhiteElo "2420"]
[BlackElo "2330"]
[PlyCount "99"]
[EventDate "2015.08.17"]
[EventRounds "13"]
[EventCountry "IND"]

1. e4 e5 2. Nf3 Nc6 3. Bb5 a6 4. Ba4 Nf6 5. O-O Be7 6. Re1 b5 7. Bb3 d6 8. c3
O-O 9. d4 Bg4 10. Be3 Bh5 11. h3 exd4 12. cxd4 d5 13. e5 Ne4 14. Nbd2 Na5 15.
Bc2 Nxd2 16. Bxd2 Nc4 17. Bc1 Bb4 18. Rf1 f5 19. a3 Be7 20. b3 Nb6 21. Re1 c5
22. dxc5 Bxc5 23. Qd3 Rc8 24. Ra2 Bg6 25. Bf4 Kh8 26. Nd4 Qd7 27. Bb1 Bxd4 28.
Qxd4 Qe6 29. Bd2 Nd7 30. Bb4 Rfe8 31. Rae2 Nb8 32. Bd6 Nc6 33. Qd2 Na5 34. a4
Nb7 35. axb5 axb5 36. Qb4 Qd7 37. Bd3 Nxd6 38. exd6 Rxe2 39. Rxe2 Rc1+ 40. Kh2
Rc6 41. Rc2 Rxd6 42. Bxb5 Qd8 43. Rc8 Qxc8 44. Qxd6 Bf7 45. b4 d4 46. Bd3 h6
47. b5 Bc4 48. Bxc4 Qxc4 49. b6 Qb5 50. Qc7 1-0

[Event "GLOCAL SQUARE 53rd National Challengers Chess Cham"]
[Site "Naivedhyam Celebration Centre, Nagpur"]
[Date "2015.08.24"]
[Round "10"]
[Board "9"]
[White "Rathnakaran, K."]
[Black "Kathmale, Sameer"]
[Result "1-0"]
[WhiteElo "2417"]
[BlackElo "2288"]
[PlyCount "115"]
[EventDate "2015.08.17"]
[EventRounds "13"]
[EventCountry "IND"]

1. e4 c6 2. d3 d5 3. Nd2 e5 4. Ngf3 Bd6 5. b3 Nd7 6. Bb2 Ngf6 7. g3 O-O 8. Bg2
a5 9. a3 Re8 10. O-O Qc7 11. Nh4 Bf8 12. f4 dxe4 13. dxe4 b5 14. f5 Ba6 15. g4
h6 16. Bf3 Rad8 17. Qe2 Qa7+ 18. Kh1 b4 19. Nc4 Nb6 20. axb4 Nxc4 21. bxc4 Bxb4
22. c3 Bc5 23. Bc1 Rd6 24. g5 hxg5 25. Bxg5 Nh7 26. Bc1 Qc7 27. Ng2 Qd8 28. Be3
Bxe3 29. Nxe3 Ng5 30. Bg2 Rd2 31. Qg4 Nh7 32. Rf3 Qg5 33. Qxg5 Nxg5 34. Rg3 Nh7
35. Kg1 Nf6 36. Rxa5 Bb7 37. c5 Nd7 38. Nc4 Rd1+ 39. Bf1 Ra8 40. Rxa8+ Bxa8 41.
Nb6 Bb7 42. Nxd7 Rxd7 43. f6 g6 44. Rg5 Rd1 45. Kf2 Bc8 46. Rxe5 Be6 47. Ba6
Rb1 48. Bc8 Rb5 49. Bxe6 fxe6 50. Rxe6 Rxc5 51. Ke3 Rxc3+ 52. Kd4 Rc2 53. Ke5
c5 54. Rc6 Rc4 55. h4 Kf8 56. Rc7 Ke8 57. f7+ Kf8 58. Kf6 1-0

[Event "GLOCAL SQUARE 53rd National Challengers Chess Cham"]
[Site "Naivedhyam Celebration Centre, Nagpur"]
[Date "2015.08.24"]
[Round "10"]
[Board "10"]
[White "Anurag, Mhamal"]
[Black "Sangma, Rahul"]
[Result "1/2-1/2"]
[WhiteElo "2393"]
[BlackElo "2285"]
[PlyCount "78"]
[EventDate "2015.08.17"]
[EventRounds "13"]
[EventCountry "IND"]

1. e4 e5 2. Nf3 Nc6 3. Bb5 Nf6 4. d3 Bc5 5. O-O d6 6. Nbd2 O-O 7. Bxc6 bxc6 8.
h3 Re8 9. Re1 a5 10. Nf1 Rb8 11. Ng3 h6 12. a4 d5 13. exd5 Qxd5 14. b3 e4 15.
dxe4 Nxe4 16. Nxe4 Rxe4 17. Bd2 Bb6 18. c4 Qf5 19. Rxe4 Qxe4 20. Qe1 Bf5 21.
Bxa5 Bxa5 22. Qxa5 Bxh3 23. Qc3 Rd8 24. Qe3 Bf5 25. a5 Qg4 26. a6 Be4 27. Ne1
Qg6 28. a7 c5 29. Qxc5 Qf6 30. Qa5 Kh7 31. Ra2 Rd1 32. Re2 Ra1 33. Qxc7 Qd4 34.
c5 f5 35. Kh2 Qc3 36. f3 Rxe1 37. Rxe4 fxe4 38. a8=Q Rh1+ 39. Kxh1 Qe1+ 1/2-1/2

[Event "GLOCAL SQUARE 53rd National Challengers Chess Cham"]
[Site "Naivedhyam Celebration Centre, Nagpur"]
[Date "2015.08.24"]
[Round "10"]
[Board "11"]
[White "Konguvel, Ponnuswamy"]
[Black "Stany, G.A."]
[Result "1/2-1/2"]
[WhiteElo "2340"]
[BlackElo "2392"]
[PlyCount "63"]
[EventDate "2015.08.17"]
[EventRounds "13"]
[EventCountry "IND"]

1. e4 e5 2. Nf3 Nc6 3. Bb5 a6 4. Ba4 d6 5. c3 g6 6. d4 Bd7 7. O-O Bg7 8. Bg5 f6
9. Be3 Nh6 10. dxe5 fxe5 11. Bb3 Ng4 12. Bg5 Nf6 13. Nbd2 h6 14. Be3 Ng4 15.
Nc4 b5 16. Nxd6+ cxd6 17. Qxd6 Qf6 18. Qd5 Qe7 19. Bc5 Nf6 20. Qxc6 Bxc6 21.
Bxe7 Kxe7 22. Nxe5 Be8 23. f4 Rd8 24. a4 Nh5 25. axb5 Nxf4 26. Nc6+ Bxc6 27.
Rxf4 Be8 28. bxa6 Be5 29. Rff1 Bc6 30. Ra5 Bf6 31. a7 Rhf8 32. Ra6 1/2-1/2

[Event "GLOCAL SQUARE 53rd National Challengers Chess Cham"]
[Site "Naivedhyam Celebration Centre, Nagpur"]
[Date "2015.08.24"]
[Round "10"]
[Board "12"]
[White "Harsha, Bharathakoti"]
[Black "Raghunandan, Kaumandur Srihari"]
[Result "1-0"]
[WhiteElo "2360"]
[BlackElo "2221"]
[PlyCount "73"]
[EventDate "2015.08.17"]
[EventRounds "13"]
[EventCountry "IND"]

1. d4 d5 2. c4 c6 3. Nc3 Nf6 4. Nf3 e6 5. g3 dxc4 6. Bg2 b5 7. Ne5 Nd5 8. O-O
Bb7 9. e4 Nxc3 10. bxc3 Nd7 11. Bf4 Be7 12. Qg4 g6 13. Bh6 Bf8 14. Bxf8 Nxe5
15. dxe5 Kxf8 16. Rad1 Qe7 17. Rd6 Kg7 18. Rfd1 Rhd8 19. Qf4 Kf8 20. h4 h5 21.
Qe3 Qc7 22. Bh3 Kg8 23. Qg5 Rxd6 24. exd6 Qd8 25. Qe5 Qd7 26. Qc5 a5 27. a3 Ba6
28. e5 b4 29. axb4 axb4 30. cxb4 Bb5 31. Bf1 Ra3 32. Bxc4 Ba4 33. Rc1 Rf3 34.
Ra1 Bb5 35. Bxb5 cxb5 36. Ra7 Qd8 37. Qc6 1-0

[Event "GLOCAL SQUARE 53rd National Challengers Chess Cham"]
[Site "Naivedhyam Celebration Centre, Nagpur"]
[Date "2015.08.24"]
[Round "10"]
[Board "13"]
[White "Nihal, Sarin"]
[Black "Deepan, Chakkravarthy J."]
[Result "1/2-1/2"]
[WhiteElo "2259"]
[BlackElo "2500"]
[PlyCount "61"]
[EventDate "2015.08.17"]
[EventRounds "13"]
[EventCountry "IND"]

1. d4 e6 2. c4 Bb4+ 3. Bd2 a5 4. Nc3 Nf6 5. e3 O-O 6. Bd3 d6 7. a3 Bxc3 8. Bxc3
Nbd7 9. Ne2 e5 10. O-O e4 11. Bc2 d5 12. cxd5 Nb6 13. Ng3 Re8 14. f3 Nfxd5 15.
fxe4 Nxe3 16. Qf3 Nxf1 17. Rxf1 Rf8 18. d5 Qg5 19. e5 Bg4 20. Qd3 Qg6 21. Qd2
Nc4 22. Qf2 Qh6 23. h3 Bd7 24. Re1 Rad8 25. Kh2 Bc8 26. Qc5 b5 27. Qxb5 Ba6 28.
Qc5 Qb6 29. Qxb6 cxb6 30. Nf5 Rfe8 31. e6 1/2-1/2

[Event "GLOCAL SQUARE 53rd National Challengers Chess Cham"]
[Site "Naivedhyam Celebration Centre, Nagpur"]
[Date "2015.08.24"]
[Round "10"]
[Board "14"]
[White "Shyam, Sundar M."]
[Black "Shivananda, B.S."]
[Result "1-0"]
[WhiteElo "2499"]
[BlackElo "2291"]
[PlyCount "103"]
[EventDate "2015.08.17"]
[EventRounds "13"]
[EventCountry "IND"]

1. e4 Nf6 2. e5 Nd5 3. d4 d6 4. c4 Nb6 5. exd6 exd6 6. Nf3 Bg4 7. Be3 Be7 8.
Nbd2 Nc6 9. Be2 Bf6 10. Rc1 d5 11. c5 Nc8 12. h3 Be6 13. g4 h6 14. Nf1 N8e7 15.
Ng3 g6 16. Qd2 Bg7 17. b4 a6 18. Kf1 h5 19. gxh5 gxh5 20. Ng5 Nf5 21. Nxe6
Nxg3+ 22. fxg3 fxe6 23. Kg2 Qd7 24. Rhf1 Ne7 25. Bg5 Nf5 26. Bxh5+ Rxh5 27.
Rxf5 exf5 28. Qe2+ Kf8 29. Qxh5 Qe6 30. Rf1 Kg8 31. Qf3 Rf8 32. Qe3 Qg6 33. Re1
c6 34. Bf4 Kh7 35. Qe7 Rf7 36. Qh4+ Kg8 37. Re8+ Rf8 38. Rxf8+ Bxf8 39. Kf2 Qe6
40. Qg5+ Kf7 41. Be5 Qg6 42. Qxg6+ Kxg6 43. Kf3 Bh6 44. g4 Bd2 45. h4 fxg4+ 46.
Kxg4 Bxb4 47. h5+ Kh7 48. Bf4 Ba5 49. Kf5 b5 50. Ke6 Bc3 51. Kd6 Bxd4 52. Kxc6
 1-0